00669 a2200193 4500999001500000010001400015020002600029035001300055037001500068082001200083100001600095245006700111260004400178270005800222300003000280500001900310942003200329952011400361 c4370d4370 aENG-86256 a9788120330536c325.00 aEN-69789 bDBAD / PUB14a006.312 aGupta, G.K.1 aIntroduction to data mining with case studies /cby G.K. Gupta aNew DelhibPrentice-Hall of Indiac2006 aM-97, Connaught CircusbNew DelhicNew Delhie110 001 axvii, 457p.c24cm. (Pbk) aIncludes index adplcEN2ddch006.312 mGUP 001040718NFICaDBADbDBADeDBAD/PUBg325.00l0o006.312 GUPpEN-69789r2008-09-15 00:00:00t1v325.00yEN